Java The Complete Reference (Record no. 369868)
[ view plain ]
| 000 -LEADER | |
|---|---|
| fixed length control field | 01608nam a22001697a 4500 |
| 003 - CONTROL NUMBER IDENTIFIER | |
| control field | OSt |
| 005 - DATE AND TIME OF LATEST TRANSACTION | |
| control field | 20260112150336.0 |
| 008 - FIXED-LENGTH DATA ELEMENTS--GENERAL INFORMATION | |
| fixed length control field | 260112b |||||||| |||| 00| 0 eng d |
| 020 ## - INTERNATIONAL STANDARD BOOK NUMBER | |
| International Standard Book Number | 9781259002465 |
| 082 ## - DEWEY DECIMAL CLASSIFICATION NUMBER | |
| Edition number | 8th Ed. |
| 100 ## - MAIN ENTRY--PERSONAL NAME | |
| Personal name | Schildt H. |
| 9 (RLIN) | 216325 |
| 245 ## - TITLE STATEMENT | |
| Title | Java The Complete Reference |
| Remainder of title | Comprehensive Coverage Java Language |
| 260 ## - PUBLICATION, DISTRIBUTION, ETC. (IMPRINT) | |
| Place of publication, distribution, etc. | New Delhi |
| Name of publisher, distributor, etc. | Tata McGraw Hill |
| Date of publication, distribution, etc. | 2011 |
| 300 ## - PHYSICAL DESCRIPTION | |
| Extent | 1116pp |
| 520 ## - SUMMARY, ETC. | |
| Summary, etc. | The Definitive Java Programming GuideIn Java: The Complete Reference, Eighth Edition, bestselling programming author Herb Schildt shows you everything you need to develop, compile, debug, and run Java programs. Updated for Java Platform, Standard Edition 7 (Java SE 7), this comprehensive volume covers the entire Java language, including its syntax, keywords, and fundamental programming principles. You'll also find information on key elements of the Java API library. JavaBeans, servlets, applets, and Swing are examined and real-world examples demonstrate Java in action. In addition, new Java SE 7 features such as try-with-resources, strings in switch, type inference with the diamond operator, NIO.2, and the Fork/Join Framework are discussed in detail.Coverage includes:Data types and operatorsControl statementsClasses and objectsConstructors and methodsMethod overloading and overridingInterfaces and packagesInheritanceException handlingGenericsAutoboxingEnumerationsAnnotationsThe try-with-resources statementVarargsMultithreadingThe I/O classesNetworkingThe Collections FrameworkApplets and servletsJavaBeansAWT and SwingThe Concurrent APIMuch, much more |
| 942 ## - ADDED ENTRY ELEMENTS (KOHA) | |
| Source of classification or shelving scheme | Dewey Decimal Classification |
| Koha item type | Books |
| Withdrawn status | Lost status | Source of classification or shelving scheme | Damaged status | Not for loan | Home library | Current library | Date acquired | Total Checkouts | Barcode | Date last seen | Bill Date | Koha item type | Original Barcode |
|---|---|---|---|---|---|---|---|---|---|---|---|---|---|
| Dewey Decimal Classification | MKSSS s K.B. Joshi Institute of Information Technology Library | MKSSS s K.B. Joshi Institute of Information Technology Library | 12/01/2026 | KBJP-D-625 | 12/01/2026 | 12/01/2026 | Books | 625 |